College Quizbowl Stats
College Quizbowl Stats
Circuits
Seasons
Sets
Records
Detailed Stats
About
Loading...
Northern California
Tossups
Bonuses
Players
Teams
Categories (Tossup)
Categories (Bonus)
Avery Becker
UC Berkeley C
Categories
Category
Powers
Gets
Negs
BBs
Points
Earliest Buzz
Avg. Buzz
First Buzzes
Top 3 Buzzes
BPA
PVF
Religion
0
2
0
0
20
77
101.00
0
1
3.99
5.83
Fine Arts - Other
0
1
0
0
10
96
96.00
1
1
2.13
8.33
Literature - American
0
1
0
1
10
140
140.00
0
0
0.00
1.67
Mythology
0
1
0
1
10
124
124.00
0
0
0.07
1.67
Buzzes
Category
Answer
Value
Buzz Position
Religion
planets
10
77
Fine Arts - Other
Oklahoma!
10
96
Mythology
Gorgons
10
124
Religion
Judas
10
125
Literature - American
The Piano Lesson
10
140
Previous
1
Next